| 000 | 00793nas a2200253 4500 | ||
|---|---|---|---|
| 001 | BR7900905 | ||
| 003 | BR-BrBNA | ||
| 005 | 20231205083633.0 | ||
| 007 | ta | ||
| 008 | 230509b bl.|||p| |||| 00| 00por d | ||
| 040 |
_aBR-BrBNA _bpor _cBiblioteca Nacional de Agricultura |
||
| 041 | _a(Pt) | ||
| 072 | _aM40 | ||
| 100 | 1 | _aSantana, M.S.R. de | |
| 245 | 1 | _aContribuicao ao conhecimento de zooplancton em viveiros de criacao de tainhas Mugil Curema Valenciennes, 1836 [Pernambuco, Brasil] | |
| 650 | _aBIOLOGIA AQUATICA | ||
| 650 | _aTAINHA | ||
| 650 | _aZOOPLANCTON | ||
| 650 | _aVIVEIRO | ||
| 650 | _aPERNAMBUCO | ||
| 773 | 0 |
_tCaderno Omega (Brazil) _xISSN 0100-2732 _g(Jul 1978), v. 2(1) p. 117-124 _wBR7900905 |
|
| 909 |
_a202311 _bLúcia _c55 _dLúcia Elande |
||
| 942 |
_2AGRIS _n0 _cANA |
||
| 999 |
_c100233 _d100233 |
||